=LDR 00000nam 2200000 4500 =001 INLIS000000000027545 =005 20130612125919 =008 ***********************************Ind** =035 ##$$0010-061300000027545 =041 ##$$a Ind =082 ##$$a F Rom D =090 ##$$a F Rom D, Hen c =100 ##$$a Hendrata,Hovelia =245 ##$$a Cerita tentang kita, Novelia hendrata =260 ##$$a 2006 $b Jakarta =300 ##$$a 120 hlm, 20 cm =650 ##$$a Fiksi Roman Dewas =850 ##$$a NBPNMAT